English to Spanish: A - Statistics

General Stats
  • This quiz has been taken 96 times
  • The average score is 10 of 15
Answer Stats
Hint Answer % Correct
Goodbye Adios
95%
Water Agua
95%
Blue Azul
93%
Love Amor
87%
Grandmother Abuela
82%
Rice Arroz
82%
April Abril
76%
August Agosto
59%
Boring Aburrido
51%
Tree Arbol
48%
Airplane Avion
47%
Lunch Almuerzo
40%
Bird Ave
39%
Avenue Avenida
32%
Orange Anaranjado
27%
No matching quizzes found
Score Distribution
Percent of People with Each Score
Percentile by Number Answered
Your Score History
You have not taken this quiz